000 00427nam a2200121Ia 4500
008 171212s9999 xx 000 0 und d
020 _a9780987073020
100 _aAnderson, Kym;Nelgen, Signe
245 _cAnderson, Kym;Nelgen, Signe
_aGlobal Wine Markets
_b1961 to 2009: a statistical compendium
260 _bUniversity of Adelaide Press
_c2011
650 _aBusiness
856 _uhttp://jstor.org/stable/10.20851/j.ctt1sq5x3h
999 _c352923
_d352923